LEADER 01018nam0-2200337---450- 001 990009934110403321 005 20150127154433.0 035 $a000993411 035 $aFED01000993411 035 $a(Aleph)000993411FED01 035 $a000993411 100 $a20150127d1990----km-y0itay50------ba 101 0 $aita 102 $aIT 105 $a--------001yy 200 1 $aStatistica e processi decisionali nella pubblica amministrazione$fa cura di Luigi Fabbris e Felice Vian 210 $aPadova$cCLEUP$d1990 215 $a281 p.$d23 cm 225 1 $aDocumenti$v3 300 $aAtti del Seminario tenuto a Bressanone nel 1988. 610 0 $aStatistica$aImpiego nella amministrazione pubblica 676 $a350.12 702 1$aFabbris,$bLuigi 702 1$aVian,$bFelice 801 0$aIT$bUNINA$gRICA$2UNIMARC 901 $aBK 912 $a990009934110403321 952 $aXXX-F-205$fMAS 959 $aMAS 996 $aStatistica e processi decisionali nella pubblica amministrazione$9821598 997 $aUNINA LEADER 01575nam 2200385 a 450 001 9910700522603321 005 20110822094840.0 035 $a(CKB)5470000002410774 035 $a(OCoLC)747427464 035 $a(EXLCZ)995470000002410774 100 $a20110822d2007 ua 0 101 0 $aeng 135 $aurbn||||||||| 181 $ctxt$2rdacontent 182 $cc$2rdamedia 183 $acr$2rdacarrier 200 10$aCharacteristics of adults with serious psychological distress as measured by the K6 scale, United States, 2001-04$b[electronic resource] /$fby Laura A. Pratt, Achintya N. Dey, Alan J. Cohen 210 1$aHyattsville, Md. :$cU.S. Dept. of Health and Human Services, Centers for Disease Control and Prevention, National Center for Health Statistics,$d[2007] 215 $a1 online resource (20 pages) $cillustrations 225 1 $aAdvance data from vital and health statistics ;$vno. 382 300 $aTitle from title screen (viewed on Aug. 22, 2011). 300 $a"March 30, 2007." 320 $aIncludes bibliographical references. 606 $aMental illness$zUnited States$vStatistics 608 $aStatistics.$2lcgft 615 0$aMental illness 700 $aPratt$b Laura A$01392883 701 $aDey$b Achintya N$01392884 712 02$aNational Center for Health Statistics (U.S.) 801 0$bGPO 801 1$bGPO 906 $aBOOK 912 $a9910700522603321 996 $aCharacteristics of adults with serious psychological distress as measured by the K6 scale, United States, 2001-04$93448381 997 $aUNINA